000 00687nam a2200217Ia 4500
005 20241129110028.0
008 241129s9999||||xx |||||||||||||| ||und||
020 _a978-1-5036-1116-0
037 _aTB
040 _aARTS
_beng
_cARTS
041 _aeng
_2eng
084 _aQ7:4198.461 R0
_qARTS
100 _aCan Lale Au.
_9726955
245 0 _aSpiritual subject : central asian pilgrims and the ottoman Hajj at the end of enmire
_cCan Lale Au.
260 _aStanford, USA
_bStanford University Press
_c2018
300 _a257p.
365 _aUSD
_b25
650 _aIslamReligious Rites and Ceremany
_9726956
942 _cTB
_hQ7:4198.461 R0
999 _c1227056
_d1227056